[Event "British Chess Championship 2010"]
[Site "Canterbury ENG"]
[Date "2010.07.31"]
[Round "6.8"]
[White "Anderson, John"]
[Black "Arkell, Keith C"]
[Result "1/2-1/2"]
[WhiteElo "2208"]
[BlackElo "2465"]
[PlyCount "155"]
[EventDate "2010.07.27"]
[EventType "swiss"]
[EventRounds "11"]
[EventCountry "ENG"]
[Source "lmi"]
[SourceDate "2010.07.25"]

1. e4 c6 2. d4 d5 3. Nd2 dxe4 4. Nxe4 Nd7 5. Bc4 Ngf6 6. Ng5 e6 7. Qe2 Nb6 8.
Bd3 h6 9. N5f3 c5 10. dxc5 Nbd7 11. Ne5 Nxe5 12. Qxe5 Nd7 13. Qe2 Nxc5 14. Bb5+
Bd7 15. Bd2 Bxb5 16. Qxb5+ Qd7 17. Qxd7+ Nxd7 18. Nf3 Rc8 19. c3 g5 20. Ke2 Bg7
21. Rad1 Nb6 22. Be3 Nd5 23. Rd3 Ke7 24. Rhd1 b5 25. Nd4 Nxe3 26. Kxe3 a6 27.
a3 Rc7 28. Nb3 Be5 29. g3 g4 30. Na5 Rhc8 31. Nb3 Rg8 32. Nd4 h5 33. f4 gxf3
34. Nxf3 Bf6 35. Rd6 h4 36. Kf2 hxg3+ 37. hxg3 Ra7 38. Rb6 Rd8 39. Rxd8 Kxd8
40. Rb8+ Kc7 41. Rf8 Kd6 42. Ke3 Bg7 43. Rd8+ Ke7 44. Rb8 Bh6+ 45. Ke2 Kf6 46.
a4 bxa4 47. Rb4 a3 48. bxa3 Rc7 49. Kd3 Rd7+ 50. Ke2 Rd5 51. a4 Bf8 52. Rc4 Bd6
53. g4 Ke7 54. Rc6 Ra5 55. Rc4 Kd7 56. Kd3 Rd5+ 57. Rd4 Kc6 58. Nd2 Be5 59.
Rxd5 Kxd5 60. g5 Bc7 61. Ne4 Bf4 62. c4+ Ke5 63. a5 Kf5 64. c5 Bc7 65. Nd6+ Kg6
66. Kc4 Bxa5 67. c6 Bb6 68. Kb4 Bc7 69. Ne8 Bd8 70. c7 Bxc7 71. Nxc7 Kxg5 72.
Nxa6 Kf4 73. Kc4 f5 74. Kd3 Kf3 75. Kd4 Kf4 76. Kd3 Kf3 77. Kd4 f4 78. Nc5
1/2-1/2

[Event "British Chess Championship 2010"]
[Site "Canterbury ENG"]
[Date "2010.07.31"]
[Round "6.10"]
[White "Salimbeni, George P W"]
[Black "Summerscale, Aaron P"]
[Result "0-1"]
[WhiteElo "2164"]
[BlackElo "2428"]
[PlyCount "64"]
[EventDate "2010.07.27"]
[EventType "swiss"]
[EventRounds "11"]
[EventCountry "ENG"]
[Source "lmi"]
[SourceDate "2010.07.25"]

1. e4 e6 2. d4 d5 3. Nd2 c5 4. Ngf3 Nf6 5. exd5 exd5 6. Bb5+ Bd7 7. Bxd7+ Nbxd7
8. O-O Be7 9. dxc5 Nxc5 10. Nb3 Nce4 11. Nfd4 O-O 12. Qf3 Re8 13. Be3 Qd7 14.
Nf5 Bf8 15. Rfd1 b5 16. Qh3 Kh8 17. Bd4 a5 18. Nd2 Qc6 19. Rac1 Rac8 20. Nf3
Bc5 21. g4 Bxd4 22. N3xd4 Qb6 23. g5 Nxg5 24. Qg2 Re4 25. f3 Nxf3+ 26. Qxf3 g6
27. c3 gxf5 28. Qxf5 Rce8 29. Rf1 Ng4 30. Qxd5 Qh6 31. Rc2 Ne3 32. Qxf7 Nxc2
0-1

[Event "British Chess Championship 2010"]
[Site "Canterbury ENG"]
[Date "2010.07.31"]
[Round "6.11"]
[White "Hawkins, Jonathan"]
[Black "Rudd, Jack"]
[Result "1-0"]
[WhiteElo "2423"]
[BlackElo "2236"]
[PlyCount "67"]
[EventDate "2010.07.27"]
[EventType "swiss"]
[EventRounds "11"]
[EventCountry "ENG"]
[Source "lmi"]
[SourceDate "2010.07.25"]

1. e4 c5 2. Nf3 d6 3. d4 cxd4 4. Nxd4 Nf6 5. Nc3 g6 6. Be3 a6 7. Qd2 b5 8. Be2
Bb7 9. f3 Nbd7 10. O-O Bg7 11. a4 b4 12. Na2 a5 13. c3 bxc3 14. Nxc3 O-O 15.
Nb3 Qb8 16. Nb5 d5 17. Nxa5 dxe4 18. Nxb7 Qxb7 19. Rfd1 Ne5 20. f4 Neg4 21. Bd4
Rfd8 22. Qc2 Nh6 23. Qc7 Qxc7 24. Nxc7 Rac8 25. Be5 Nhg4 26. Rxd8+ Rxd8 27.
Bxg4 Nxg4 28. Bxg7 Kxg7 29. h3 Nf6 30. a5 e3 31. a6 e2 32. Re1 Nd5 33. Nxd5
Rxd5 34. b4 1-0

[Event "British Chess Championship 2010"]
[Site "Canterbury ENG"]
[Date "2010.07.31"]
[Round "6.12"]
[White "Bates, Richard A"]
[Black "Snape, Ian L"]
[Result "1-0"]
[WhiteElo "2382"]
[BlackElo "2233"]
[PlyCount "143"]
[EventDate "2010.07.27"]
[EventType "swiss"]
[EventRounds "11"]
[EventCountry "ENG"]
[Source "lmi"]
[SourceDate "2010.07.25"]

1. d4 Nf6 2. Nf3 g6 3. g3 Bg7 4. Bg2 O-O 5. O-O d6 6. c4 Nc6 7. Nc3 Bf5 8. d5
Na5 9. Nd4 Bd7 10. b3 c5 11. dxc6 bxc6 12. e4 c5 13. Nde2 Nc6 14. h3 Qc8 15.
Kh2 Rb8 16. Bg5 h6 17. Be3 h5 18. Qd2 Kh7 19. f4 a6 20. Rae1 Qc7 21. Ng1 Qa5
22. Rc1 Rbd8 23. Nf3 Bc8 24. Qf2 Nb4 25. Qe2 Bb7 26. Ng5+ Kg8 27. Bf2 e6 28.
Rfd1 Qc7 29. Nf3 Rfe8 30. Kg1 Qc6 31. a3 Nxe4 32. Nxe4 Qxe4 33. Qxe4 Bxe4 34.
axb4 Bb2 35. bxc5 Bxc1 36. Rxc1 dxc5 37. Bxc5 Bxf3 38. Bxf3 Rd3 39. Kf2 Rxb3
40. Bd6 Rb2+ 41. Ke3 Rb3+ 42. Ke2 Rb2+ 43. Kd3 h4 44. gxh4 Rh2 45. Rh1 Rf2 46.
Ke3 Rc2 47. c5 Rc3+ 48. Kf2 Rc8 49. Ra1 R3xc5 50. Bxc5 Rxc5 51. Rxa6 e5 52. h5
exf4 53. hxg6 Rc2+ 54. Be2 Kg7 55. gxf7 Kxf7 56. Ra4 Kg7 57. Rxf4 Rc6 58. Ra4
Rb6 59. Kg3 Kh6 60. Bd3 Rb3 61. Rd4 Kg7 62. Kf4 Rb7 63. Kg5 Ra7 64. Bf5 Ra8 65.
Rd7+ Kh8 66. Kh6 Kg8 67. Be6+ Kf8 68. Rf7+ Ke8 69. Kg7 Ra5 70. Kf6 Ra1 71. Rc7
Rd1 72. Rc8+ 1-0

[Event "British Chess Championship 2010"]
[Site "Canterbury ENG"]
[Date "2010.07.31"]
[Round "6.13"]
[White "Jones, William E G"]
[Black "Littlewood, Paul E"]
[Result "0-1"]
[WhiteElo "2091"]
[BlackElo "2361"]
[PlyCount "150"]
[EventDate "2010.07.27"]
[EventType "swiss"]
[EventRounds "11"]
[EventCountry "ENG"]
[Source "lmi"]
[SourceDate "2010.07.25"]

1. e4 e5 2. Nf3 Nc6 3. Bb5 a6 4. Ba4 Nf6 5. O-O Be7 6. Re1 b5 7. Bb3 d6 8. c3
O-O 9. h3 Na5 10. Bc2 c5 11. d4 cxd4 12. cxd4 Bb7 13. Nbd2 Rc8 14. d5 Qc7 15.
Bd3 Nd7 16. Nf1 f5 17. exf5 Nc4 18. Ne3 Nxe3 19. Bxe3 Bxd5 20. Ng5 Bxg5 21.
Bxg5 Qb7 22. Qg4 Nf6 23. Bxf6 Rxf6 24. Re3 Rc5 25. a3 Qc7 26. Kh2 Bb7 27. f4
Rf8 28. Rae1 Bc8 29. Qh5 Qe7 30. g4 Bd7 31. Qg5 Qxg5 32. fxg5 Rfc8 33. Kg3 Be8
34. h4 Rd5 35. h5 Rd4 36. R1e2 Rc1 37. Be4 Rg1+ 38. Kh4 Bd7 39. Rg3 Rf1 40. Rd3
Rxd3 41. Bxd3 Rd1 42. Be4 Rd4 43. g6 h6 44. Bc2 Kf8 45. Rf2 Ke7 46. Bb3 d5 47.
Kg3 Kf6 48. Rc2 Kg5 49. Rc7 Rxg4+ 50. Kf3 Bxf5 51. Bxd5 Kxh5 52. Rxg7 Bxg6 53.
Ra7 Rd4 54. Be6 Rd6 55. Bc8 Rd3+ 56. Ke2 Rb3 57. Rxa6 Rxb2+ 58. Kd1 Bd3 59. Re6
e4 60. Bb7 Ra2 61. Bxe4 Rxa3 62. Re5+ Kg4 63. Bxd3 Rxd3+ 64. Kc2 Rd4 65. Rxb5
h5 66. Rb8 h4 67. Rg8+ Kf3 68. Kc3 Rd7 69. Rh8 Kg3 70. Rg8+ Kh2 71. Rg4 h3 72.
Rg8 Kh1 73. Rg6 Rd1 74. Rh6 h2 75. Kc2 Rg1 0-1

[Event "British Chess Championship 2010"]
[Site "Canterbury ENG"]
[Date "2010.07.31"]
[Round "6.14"]
[White "Baker, Chris W"]
[Black "Cumbers, Paul"]
[Result "1/2-1/2"]
[WhiteElo "2307"]
[BlackElo "2218"]
[PlyCount "79"]
[EventDate "2010.07.27"]
[EventType "swiss"]
[EventRounds "11"]
[EventCountry "ENG"]
[Source "lmi"]
[SourceDate "2010.07.25"]

1. e4 e6 2. Nf3 d5 3. Nc3 Nf6 4. e5 Nfd7 5. d4 c5 6. dxc5 Nc6 7. Bd3 Ndxe5 8.
Nxe5 Nxe5 9. Be3 Nc6 10. Bb5 Be7 11. Bd4 O-O 12. Bxc6 bxc6 13. O-O e5 14. Bxe5
Bxc5 15. Na4 Bb6 16. Nxb6 axb6 17. Qf3 Ra4 18. Rfe1 Rg4 19. Rad1 Rg6 20. h3 Be6
21. Re3 c5 22. c3 Qc8 23. Bg3 Rd8 24. Qf4 h6 25. a3 Qa8 26. Qc7 Rc8 27. Qe5 Qa4
28. Rd2 Qd7 29. Kh2 Kh7 30. Bh4 Qc7 31. f4 f5 32. Rde2 Qc6 33. Rd2 Re8 34. Rg3
Rxg3 35. Bxg3 Kg6 36. Qe2 Bf7 37. Qa6 Ra8 38. Qd3 Ra4 39. Re2 Re4 40. Bf2
1/2-1/2

[Event "British Chess Championship 2010"]
[Site "Canterbury ENG"]
[Date "2010.07.31"]
[Round "6.15"]
[White "McMichael, Richard J"]
[Black "Mason, Donald J"]
[Result "0-1"]
[WhiteElo "2287"]
[BlackElo "2219"]
[PlyCount "52"]
[EventDate "2010.07.27"]
[EventType "swiss"]
[EventRounds "11"]
[EventCountry "ENG"]
[Source "lmi"]
[SourceDate "2010.07.25"]

1. d4 Nf6 2. Nf3 d5 3. e3 c5 4. c3 cxd4 5. exd4 a6 6. Bd3 Nc6 7. h3 Qc7 8. Bg5
e6 9. O-O Bd6 10. Nbd2 O-O 11. Qe2 Ne8 12. Bh4 h6 13. c4 g5 14. Bg3 Bxg3 15.
fxg3 Qxg3 16. Rf2 f5 17. Nf1 Qd6 18. Qe3 Nf6 19. c5 Qc7 20. N1d2 Qg7 21. Nb3
Bd7 22. Nh2 Rae8 23. Raf1 f4 24. Qe2 e5 25. dxe5 Rxe5 26. Qc2 Nb4 0-1

[Event "British Chess Championship 2010"]
[Site "Canterbury ENG"]
[Date "2010.07.31"]
[Round "6.16"]
[White "Jackson, James P"]
[Black "Dorrington, Chris J"]
[Result "0-1"]
[WhiteElo "2135"]
[BlackElo "2255"]
[PlyCount "104"]
[EventDate "2010.07.27"]
[EventType "swiss"]
[EventRounds "11"]
[EventCountry "ENG"]
[Source "lmi"]
[SourceDate "2010.07.25"]

1. e4 c5 2. Nf3 d6 3. d4 Nf6 4. Nc3 cxd4 5. Nxd4 e6 6. Bc4 Be7 7. Bb3 Na6 8. f4
Nc5 9. f5 O-O 10. Qf3 e5 11. Nde2 Nxb3 12. axb3 d5 13. O-O d4 14. Nd1 Qc7 15.
c3 Bc5 16. Kh1 Bd7 17. c4 Bc6 18. Ng3 Be7 19. Nf2 b5 20. Re1 bxc4 21. bxc4 Rfb8
22. b3 Rb7 23. Bd2 Rab8 24. Reb1 Bb4 25. Bxb4 Rxb4 26. Nf1 Nd7 27. Nd2 Nc5 28.
h3 f6 29. Ra3 a5 30. Rba1 a4 31. bxa4 Rb2 32. Nd3 Rxd2 33. Nxc5 Rbb2 34. Rg1
Ba8 35. Ne6 Qxc4 36. Qg4 Rb7 37. Rg3 Kh8 38. Nxg7 Qg8 39. Nh5 Qxg4 40. Rxg4 Rf7
41. Rb1 Bb7 42. Rb6 Rc2 43. Rd6 Rc8 44. Kg1 Bc6 45. a5 Rd7 46. Rxd7 Bxd7 47.
Nxf6 Bb5 48. Kf2 Rc2+ 49. Ke1 Bc4 50. Nd7 Re2+ 51. Kd1 d3 52. Nxe5 Bb3+ 0-1

[Event "British Chess Championship 2010"]
[Site "Canterbury ENG"]
[Date "2010.07.31"]
[Round "6.17"]
[White "Griffiths, Ryan Rhys"]
[Black "Rich, Mark C"]
[Result "1/2-1/2"]
[WhiteElo "2249"]
[BlackElo "2166"]
[PlyCount "131"]
[EventDate "2010.07.27"]
[EventType "swiss"]
[EventRounds "11"]
[EventCountry "ENG"]
[Source "lmi"]
[SourceDate "2010.07.25"]

1. c4 f5 2. g3 Nf6 3. Bg2 e6 4. Nf3 Be7 5. O-O O-O 6. Nc3 d6 7. d3 Nc6 8. e4 e5
9. exf5 Bxf5 10. d4 Bg4 11. dxe5 dxe5 12. Qxd8 Raxd8 13. Be3 a6 14. h3 Bf5 15.
Rfd1 Rxd1+ 16. Rxd1 Rd8 17. Rxd8+ Bxd8 18. Nd2 Be7 19. g4 Be6 20. g5 Ne8 21.
Nd5 Bf8 22. Nb3 Nd8 23. Nc5 Bxc5 24. Bxc5 c6 25. Nb6 Nf7 26. Be3 Ned6 27. b3
Nf5 28. Bc1 Nh4 29. f4 exf4 30. Bxf4 h6 31. gxh6 g5 32. Be3 Nxg2 33. Kxg2 Kh7
34. Na4 Kxh6 35. Nc5 Bc8 36. h4 Kg6 37. hxg5 Nxg5 38. Bxg5 Kxg5 39. Ne4+ Kf4
40. Nd6 Bf5 41. Nxb7 Bb1 42. a3 Ba2 43. Na5 Ke3 44. Kg3 Kd3 45. c5 Bxb3 46. Kf4
Bd5 47. Ke5 Kc3 48. Kd6 Kb2 49. a4 Ka3 50. Nxc6 Bg2 51. Ne7 Kxa4 52. Nd5 Kb5
53. Nc7+ Kc4 54. Nxa6 Bf3 55. Nc7 Bb7 56. Ne6 Bd5 57. Nd8 Kd4 58. Nc6+ Kc4 59.
Na5+ Kd4 60. Nb3+ Bxb3 61. c6 Bd1 62. c7 Bg4 63. Ke7 Kc5 64. Kd8 Kc6 65. c8=Q+
Bxc8 66. Kxc8 1/2-1/2

[Event "British Chess Championship 2010"]
[Site "Canterbury ENG"]
[Date "2010.07.31"]
[Round "6.18"]
[White "Ynojosa-Aponte, Felix Jose"]
[Black "Vrubl, Jaroslav"]
[Result "1-0"]
[WhiteElo "2224"]
[BlackElo "2210"]
[PlyCount "79"]
[EventDate "2010.07.27"]
[EventType "swiss"]
[EventRounds "11"]
[EventCountry "ENG"]
[Source "lmi"]
[SourceDate "2010.07.25"]

1. e4 e5 2. Bc4 Nc6 3. d3 Bc5 4. Nc3 d6 5. Nf3 Na5 6. Bb3 Nxb3 7. axb3 Bg4 8.
h3 Bh5 9. Na4 Qe7 10. c3 a6 11. Nxc5 dxc5 12. g4 Bg6 13. Be3 Nf6 14. Bg5 O-O-O
15. Qe2 h5 16. O-O-O Qe6 17. Nd2 Rd7 18. Kc2 Kb8 19. Bxf6 Qxf6 20. Nc4 Qg5 21.
Qe3 Qxe3 22. Nxe3 f6 23. Nf5 Rhd8 24. Rhg1 Bxf5 25. gxf5 b6 26. Rg3 Kb7 27. Kd2
Kc6 28. Ke3 Kb5 29. f4 Re7 30. fxe5 fxe5 31. Rg5 Rh8 32. Rdg1 Rh7 33. Rg6 a5
34. Kd2 a4 35. bxa4+ Kxa4 36. Ra1+ Kb5 37. b3 Rh8 38. c4+ Kb4 39. Kc2 b5 40.
Rga6 1-0

[Event "British Chess Championship 2010"]
[Site "Canterbury ENG"]
[Date "2010.07.31"]
[Round "6.20"]
[White "Jaunooby, Ali R"]
[Black "Maciol, Ryszard"]
[Result "1-0"]
[WhiteElo "2155"]
[BlackElo "2239"]
[PlyCount "57"]
[EventDate "2010.07.27"]
[EventType "swiss"]
[EventRounds "11"]
[EventCountry "ENG"]
[Source "lmi"]
[SourceDate "2010.07.25"]

1. d4 d5 2. c4 c6 3. Nf3 Nf6 4. Nc3 dxc4 5. a4 Bf5 6. Nh4 Bg4 7. f3 Bd7 8. e4
e6 9. Bxc4 c5 10. d5 Nxd5 11. Bxd5 exd5 12. g3 d4 13. Nd5 Be7 14. Bf4 O-O 15.
Qb3 Bxh4 16. gxh4 Be6 17. Qxb7 Bxd5 18. exd5 Re8+ 19. Kf2 Nd7 20. Rae1 Rxe1 21.
Rxe1 Qxh4+ 22. Bg3 Qd8 23. Bc7 Qf8 24. Qc6 Nb6 25. d6 Qc8 26. a5 Qd7 27. Qe4
Rf8 28. axb6 axb6 29. Qe7 1-0

[Event "British Chess Championship 2010"]
[Site "Canterbury ENG"]
[Date "2010.07.31"]
[Round "6.21"]
[White "Josse, Mark"]
[Black "Addison, Bret C"]
[Result "1/2-1/2"]
[WhiteElo "2128"]
[BlackElo "2235"]
[PlyCount "48"]
[EventDate "2010.07.27"]
[EventType "swiss"]
[EventRounds "11"]
[EventCountry "ENG"]
[Source "lmi"]
[SourceDate "2010.07.25"]

1. e4 e5 2. Nf3 Nc6 3. Bc4 Bc5 4. c3 Nf6 5. d3 a6 6. Bb3 Ba7 7. h3 O-O 8. Bg5
d6 9. Nbd2 Be6 10. Nh2 h6 11. Bh4 g5 12. Bg3 Qd7 13. Nc4 Kg7 14. h4 g4 15. Qe2
Nh5 16. Ne3 Nxg3 17. fxg3 Bxe3 18. Bxe6 Qxe6 19. Qxe3 f5 20. O-O fxe4 21. Qxe4
h5 22. a3 Qg6 23. Qd5 Qh6 24. Qe4 Qg6 1/2-1/2

[Event "British Chess Championship 2010"]
[Site "Canterbury ENG"]
[Date "2010.07.31"]
[Round "6.22"]
[White "Ledger, Dave J"]
[Black "Mackle, Dominic"]
[Result "1-0"]
[WhiteElo "2233"]
[BlackElo "2021"]
[PlyCount "57"]
[EventDate "2010.07.27"]
[EventType "swiss"]
[EventRounds "11"]
[EventCountry "ENG"]
[Source "lmi"]
[SourceDate "2010.07.25"]

1. e4 c5 2. Nf3 e6 3. d4 cxd4 4. Nxd4 Nf6 5. Nc3 Nc6 6. Ndb5 Bb4 7. a3 Bxc3+ 8.
Nxc3 d5 9. exd5 exd5 10. Bd3 O-O 11. O-O d4 12. Ne2 Qd5 13. b4 a6 14. Bb2 Rd8
15. Re1 b5 16. Ng3 Ne5 17. Ne4 Nfg4 18. Nc5 Nxf2 19. Kxf2 Ng4+ 20. Kg1 Qd6 21.
g3 Ne3 22. Qh5 g6 23. Qh6 Re8 24. Qf4 Qxf4 25. gxf4 Bf5 26. Bxd4 Bxd3 27. Rxe3
Rxe3 28. Bxe3 Bxc2 29. Rc1 1-0

[Event "British Chess Championship 2010"]
[Site "Canterbury ENG"]
[Date "2010.07.31"]
[Round "6.23"]
[White "Galliano, Alexander"]
[Black "Eames, Robert S"]
[Result "0-1"]
[WhiteElo "2085"]
[BlackElo "2287"]
[PlyCount "148"]
[EventDate "2010.07.27"]
[EventType "swiss"]
[EventRounds "11"]
[EventCountry "ENG"]
[Source "lmi"]
[SourceDate "2010.07.25"]

1. e4 c5 2. Nf3 Nc6 3. d4 cxd4 4. Nxd4 Nf6 5. Nc3 d6 6. Nxc6 bxc6 7. Bd3 g6 8.
O-O Bg7 9. h3 O-O 10. f4 Qb6+ 11. Kh2 Nd7 12. Na4 Qa5 13. c4 Nc5 14. Nxc5 Qxc5
15. Rb1 a5 16. b3 e5 17. Qf3 f5 18. Be3 Qa3 19. exf5 Bxf5 20. Qxc6 Bxd3 21.
Qd5+ Kh8 22. Qxd3 exf4 23. Bxf4 Rxf4 24. Rxf4 Be5 25. g3 Qxa2+ 26. Kg1 Bxf4 27.
gxf4 Re8 28. Rf1 Re2 29. Qd4+ Kg8 30. Qd5+ Kg7 31. f5 Qxb3 32. f6+ Kh6 33. Qf3
Qxf3 34. Rxf3 Re8 35. Rd3 Rc8 36. Rxd6 Rxc4 37. Ra6 a4 38. Kg2 g5 39. f7+ Kg7
40. Ra7 h6 41. Kh2 Rf4 42. Kg2 h5 43. Kg3 Rb4 44. Kg2 Rb2+ 45. Kg1 Rb3 46. Kg2
a3 47. h4 g4 48. Ra5 Rb2+ 49. Kg3 a2 50. Ra7 Re2 51. Kf4 Rg2 52. Ke3 Rh2 53.
Kf4 Rxh4 54. Rxa2 Kxf7 55. Ra5 Rh3 56. Rb5 g3 57. Rg5 h4 58. Kf3 Rh2 59. Rg4
Kf6 60. Rg8 Kf5 61. Rf8+ Ke5 62. Rg8 Kd4 63. Rd8+ Kc3 64. Rg8 Kd2 65. Re8 Rf2+
66. Kg4 g2 67. Rd8+ Ke1 68. Re8+ Kf1 69. Re5 g1=Q+ 70. Kh5 Rf8 71. Re6 Rf5+ 72.
Kh6 Qg5+ 73. Kh7 Rf7+ 74. Kh8 Qg7# 0-1

[Event "British Chess Championship 2010"]
[Site "Canterbury ENG"]
[Date "2010.07.31"]
[Round "6.24"]
[White "Spence, David J"]
[Black "Clarke, Brandon G I"]
[Result "1-0"]
[WhiteElo "2244"]
[BlackElo "2097"]
[PlyCount "83"]
[EventDate "2010.07.27"]
[EventType "swiss"]
[EventRounds "11"]
[EventCountry "ENG"]
[Source "lmi"]
[SourceDate "2010.07.25"]

1. e4 e6 2. d4 d5 3. Nc3 Nf6 4. e5 Nfd7 5. f4 c5 6. Nf3 Nc6 7. Be3 Qb6 8. Na4
Qa5+ 9. c3 b6 10. Bd2 c4 11. b4 Qa6 12. a3 b5 13. Nc5 Nxc5 14. dxc5 Qb7 15. Be3
Be7 16. g3 O-O 17. Bh3 Bd7 18. O-O f5 19. exf6 Bxf6 20. Rc1 a5 21. f5 Nd8 22.
fxe6 Bxe6 23. Bg2 axb4 24. axb4 Bf5 25. Ne5 Be6 26. Ng4 Be7 27. Rxf8+ Kxf8 28.
Ne5 Bf6 29. Bd4 Nf7 30. Ng4 Bg5 31. Ne3 Ra2 32. Qf3 Qa8 33. Rf1 Bxe3+ 34. Qxe3
Qc8 35. Qe5 Rxg2+ 36. Kxg2 Bh3+ 37. Kg1 Bxf1 38. Qxg7+ Ke7 39. Bf6+ Ke8 40.
Qg8+ Kd7 41. Qxf7+ Kc6 42. Kxf1 1-0

[Event "British Chess Championship 2010"]
[Site "Canterbury ENG"]
[Date "2010.07.31"]
[Round "6.26"]
[White "Shaw, Peter"]
[Black "Grant, David J"]
[Result "1/2-1/2"]
[WhiteElo "2173"]
[BlackElo "2082"]
[PlyCount "118"]
[EventDate "2010.07.27"]
[EventType "swiss"]
[EventRounds "11"]
[EventCountry "ENG"]
[Source "lmi"]
[SourceDate "2010.07.25"]

1. d4 Nf6 2. c4 e6 3. Nc3 Bb4 4. Qc2 O-O 5. a3 Bxc3+ 6. Qxc3 b5 7. cxb5 c6 8.
bxc6 Nxc6 9. Bg5 Ba6 10. e3 Bxf1 11. Kxf1 a5 12. b3 Ne4 13. Bxd8 Nxc3 14. Bc7
Ra7 15. Bd6 Rfa8 16. Nf3 Ne4 17. Bg3 Rb7 18. Ke2 Rxb3 19. Rhc1 f6 20. Rc2 Nxg3+
21. hxg3 Rab8 22. Nd2 Rb2 23. Rxb2 Rxb2 24. Kd3 Kf7 25. Kc3 Rb5 26. Rb1 Rf5 27.
Nf3 a4 28. Kc4 Ra5 29. Rb5 Ra6 30. Ne1 d5+ 31. Kc5 Na5 32. Nd3 Ke7 33. Rb8 Nc4
34. Rb7+ Kf8 35. Kb5 Ra8 36. Kb4 Nd6 37. Rb6 Ke7 38. Nc5 e5 39. Nxa4 exd4 40.
exd4 h5 41. Nc3 Nf5 42. Nxd5+ Kd7 43. Nf4 Nxd4 44. Nxh5 Kc7 45. Kc5 Ra5+ 46.
Kxd4 Kxb6 47. Nxg7 Kc6 48. Ke4 Kd7 49. g4 Rxa3 50. Nf5 Ra2 51. Kf3 Ra3+ 52. Ne3
Ke6 53. Kf4 Kf7 54. f3 Kg6 55. Nf5 Ra4+ 56. Kg3 Ra3 57. Nd6 Ra6 58. Ne4 Ra3 59.
Kh4 Ra2 1/2-1/2

[Event "British Chess Championship 2010"]
[Site "Canterbury ENG"]
[Date "2010.07.31"]
[Round "6.27"]
[White "Brown, Martin"]
[Black "Helbig, Paul D"]
[Result "1-0"]
[WhiteElo "2093"]
[BlackElo "2160"]
[PlyCount "55"]
[EventDate "2010.07.27"]
[EventType "swiss"]
[EventRounds "11"]
[EventCountry "ENG"]
[Source "lmi"]
[SourceDate "2010.07.25"]

1. e4 g6 2. d4 Bg7 3. Nc3 d6 4. f4 Nf6 5. Nf3 c5 6. Bb5+ Bd7 7. e5 Ng4 8. e6
fxe6 9. Ng5 Bxb5 10. Nxb5 Qa5+ 11. c3 Qxb5 12. Qxg4 cxd4 13. Nxe6 Qc4 14. Nxg7+
Kf7 15. f5 Kxg7 16. Qh4 Nc6 17. Bh6+ Kf7 18. Rf1 Ke8 19. f6 exf6 20. Qxf6 Rg8
21. O-O-O Qxa2 22. Qxd6 Qa1+ 23. Kc2 d3+ 24. Rxd3 Nb4+ 25. Qxb4 Qxf1 26. Qb5+
Kf7 27. Qd7+ Kf6 28. Rd6+ 1-0

[Event "British Chess Championship 2010"]
[Site "Canterbury ENG"]
[Date "2010.07.31"]
[Round "6.28"]
[White "Senior, Gary"]
[Black "Padilla Cabero, Pablo"]
[Result "0-1"]
[WhiteElo "2069"]
[BlackElo "2149"]
[PlyCount "96"]
[EventDate "2010.07.27"]
[EventType "swiss"]
[EventRounds "11"]
[EventCountry "ENG"]
[Source "lmi"]
[SourceDate "2010.07.25"]

1. e4 Nf6 2. Nc3 e5 3. Bc4 Nxe4 4. Qh5 Nd6 5. Bb3 Nc6 6. Nb5 g6 7. Qf3 f5 8.
Qd5 Qe7 9. Nxc7+ Kd8 10. Nxa8 b6 11. Nxb6 axb6 12. d3 Bg7 13. Qf3 Nd4 14. Qh3
Bb7 15. Bd2 g5 16. O-O-O g4 17. Qg3 h5 18. f3 gxf3 19. gxf3 Bxf3 20. Bb4 Bh6+
21. Kb1 Bxh1 22. Qg6 Kc7 23. Re1 f4 24. Nh3 Bc6 25. Nf2 Bf8 26. Ne4 Bxe4 27.
dxe4 Rh6 28. Qg8 Nc6 29. Bc3 f3 30. Qg3 Rf6 31. Bd5 Rf4 32. Qf2 Bg7 33. Rg1 Bf6
34. a4 Bh4 35. Qe3 f2 36. Rf1 Nb7 37. b4 Nxb4 38. Qe2 Na5 39. Qxh5 Nac6 40. Qh8
Rg4 41. Kb2 Rg1 42. Bc4 Nd4 43. Qa8 Nbc6 44. a5 Qc5 45. axb6+ Qxb6+ 46. Ka2
Nxc2 47. Qh8 N6b4+ 48. Kb2 Nd5+ 0-1

[Event "British Chess Championship 2010"]
[Site "Canterbury ENG"]
[Date "2010.07.31"]
[Round "6.29"]
[White "Makepeace, Philip J"]
[Black "Williams, Peter A"]
[Result "1/2-1/2"]
[WhiteElo "2074"]
[BlackElo "2145"]
[PlyCount "132"]
[EventDate "2010.07.27"]
[EventType "swiss"]
[EventRounds "11"]
[EventCountry "ENG"]
[Source "lmi"]
[SourceDate "2010.07.25"]

1. d4 d5 2. Nf3 Nf6 3. g3 e6 4. Bg5 Bd6 5. Nbd2 Nbd7 6. e4 dxe4 7. Nxe4 Be7 8.
Nxf6+ Bxf6 9. Qd2 Bxg5 10. Nxg5 h6 11. Nh3 O-O 12. O-O-O Qf6 13. f4 c5 14. g4
Qxd4 15. Qe1 Qa4 16. Kb1 e5 17. g5 hxg5 18. Rg1 g4 19. fxe5 Re8 20. e6 Rxe6 21.
Qh4 Rh6 22. Qe7 Re6 23. Qd8+ Nf8 24. Ng5 Re8 25. Qc7 Be6 26. b3 Qb4 27. Bg2
Rac8 28. Qxb7 Qxb7 29. Bxb7 Rb8 30. Bc6 Rec8 31. Bd5 Rd8 32. Bxe6 Nxe6 33.
Rxd8+ Rxd8 34. Nxe6 fxe6 35. Rxg4 Kf7 36. Ra4 Rd7 37. Kb2 e5 38. Ra5 Rc7 39. b4
Rb7 40. Rxc5 Rxb4+ 41. Kc3 Rh4 42. Rxe5 Rh3+ 43. Kb2 Rxh2 44. Ra5 Ke6 45. Rxa7
g5 46. Rg7 Rg2 47. a4 Kd6 48. a5 Rg4 49. Kb3 Kc6 50. a6 Rg1 51. Kb4 Kb6 52. a7
Rb1+ 53. Kc4 Ra1 54. Rxg5 Kxa7 55. Rb5 Rh1 56. Kb4 Ka6 57. Rc5 Kb6 58. Rg5 Rh4+
59. c4 Rh6 60. Rb5+ Kc6 61. Ra5 Kc7 62. c5 Rh4+ 63. Kb5 Rh6 64. Ra7+ Kc8 65.
Rg7 Rf6 66. c6 Rf1 1/2-1/2

[Event "British Chess Championship 2010"]
[Site "Canterbury ENG"]
[Date "2010.07.31"]
[Round "6.30"]
[White "Goodger, Martyn"]
[Black "Sathyanandha, Saravanan"]
[Result "0-1"]
[WhiteElo "2123"]
[BlackElo "1986"]
[PlyCount "90"]
[EventDate "2010.07.27"]
[EventType "swiss"]
[EventRounds "11"]
[EventCountry "ENG"]
[Source "lmi"]
[SourceDate "2010.07.25"]

1. e4 e6 2. Nf3 d5 3. Nc3 Nf6 4. e5 Nfd7 5. d4 c5 6. dxc5 Nc6 7. Bf4 Bxc5 8.
Bd3 f6 9. exf6 Nxf6 10. Qe2 O-O 11. O-O-O Bd7 12. h4 Qe7 13. h5 Nb4 14. h6 g6
15. Bg5 Bd6 16. Rh4 Nxd3+ 17. Rxd3 Bc6 18. Ne5 Bxe5 19. Qxe5 Nd7 20. Qe3 Qd6
21. f4 e5 22. fxe5 Nxe5 23. Rd1 Rae8 24. Qd4 Rf5 25. Ne4 Qf8 26. g4 Rf7 27. Nd2
Nf3 28. Nxf3 Rxf3 29. Bd2 Re4 30. Qxa7 Ra4 31. Qb6 Rxa2 32. c3 Qa8 33. g5 Ra1+
34. Kc2 Rxd1 35. Kxd1 Qa1+ 36. Kc2 Ba4+ 37. Rxa4 Qxa4+ 38. Kb1 Rf1+ 39. Bc1
Qe4+ 40. Ka2 Rxc1 41. Qd8+ Kf7 42. Qc7+ Ke6 43. Qc8+ Ke5 44. Qf8 Qc4+ 45. b3
Qa6+ 0-1

[Event "British Chess Championship 2010"]
[Site "Canterbury ENG"]
[Date "2010.07.31"]
[Round "6.31"]
[White "McCullough, Simon L"]
[Black "Henderson, Ian R"]
[Result "1/2-1/2"]
[WhiteElo "2030"]
[BlackElo "2108"]
[PlyCount "44"]
[EventDate "2010.07.27"]
[EventType "swiss"]
[EventRounds "11"]
[EventCountry "ENG"]
[Source "lmi"]
[SourceDate "2010.07.25"]

1. e4 d5 2. exd5 Nf6 3. d4 Bg4 4. f3 Bf5 5. c4 e6 6. dxe6 Bb4+ 7. Nc3 Qe7 8.
Bd3 Bxd3 9. Qxd3 Nc6 10. Nge2 O-O-O 11. O-O Nxd4 12. Nxd4 Rxd4 13. Qe2 Bxc3 14.
bxc3 Rd6 15. Qf2 Qxe6 16. Rb1 Rb6 17. Be3 Rxb1 18. Rxb1 Re8 19. Bxa7 Qxc4 20.
Bd4 Re2 21. Qg3 Qxa2 22. Rf1 Ne8 1/2-1/2